000 00618nam a2200229Ia 4500
003 OSt
005 20220928103138.0
006 a|||||r|||| 00| 0
007 ta
008 220927b |||||||| |||| 00| 0 eng d
024 _a53193
037 _cTextual
040 _aSDCL
_cSDCL
_beng
041 _2eng
_aeng
082 _aO152,3M80:g, M1
100 _aMishra Shiv Kumar
_9402563
245 0 _aPremchand
_b Virasat ka sawal.
260 _aDelhi
_bPeoples Literacy
_c1981
300 _a200p.
_ccm.
942 _hO152,3M80:g, M1
_cTEXL
_2CC
999 _c718386
_d718386